000 00527cam a22002174a 4500
005 20250605164313.0
008 250528s ||||||||||||||||||||||||d
035 _a22570
020 _a9780131504721
040 _aGR-AtMCL
_bgre
_dGR-AtMCL
_eAACR2
245 1 _aART PAST ART PRESENT
250 _a5
260 _bPrentice Hall,
_c2005
300 _a640
700 1 _aLinduff Katheryn M.
_98348
700 1 _aSchultz Bernard
_98349
700 1 _aWilkins David G
_98350
942 _cBK
999 _c7618
_d7618